000 00546nam a2200205Ia 4500
005 20250923144746.0
008 008 250917s9999 xx 000 0 eng d
037 _aTextual
040 _aDSWL
_beng
_cDSWL
041 _aeng
_2eng
084 _qDSWL
100 _aStocks, Mary D.
_9828114
245 0 _aFifty years in every street
_cby Mary D. Stocks
260 _aManchester
_bUniversity of Manchest
_c1956
300 _axi,140p.
365 _aINR
_b10.6
925 _g10.6
942 _cTEXL
999 _c1442990
_d1442990